000 00625nam a2200229Ia 4500
003 OSt
005 20220928102145.0
006 a|||||r|||| 00| 0
007 ta
008 220927b |||||||| |||| 00| 0 eng d
024 _a52068
037 _cTextual
040 _aSDCL
_cSDCL
_beng
041 _2eng
_aeng
082 _aO152,3M982,4, M4
100 _aVandhopadhyay Vidhuti Bhushan
_9396852
245 0 _aApna paraya.
260 _aAllahabad
_bAtul Prakashan
_c1984
300 _a144p.
_ccm.
942 _hO152,3M982,4, M4
_cTEXL
_2CC
999 _c712615
_d712615